| 000 | 00916pam a2200265 i 4500 | ||
|---|---|---|---|
| 001 | 016329713 | ||
| 003 | OSt | ||
| 005 | 20201128021217.0 | ||
| 008 | 130421t2014 at adk frb 001 0 eng d | ||
| 020 | _a9781133955924 (pbk.) | ||
| 020 | _a1133955924 (pbk.) | ||
| 040 |
_aStDuBDS _beng _cStDuBDS _dUk _dEG-ScBUE |
||
| 082 | 0 | 0 |
_a658.4013 _222 _bEVA |
| 100 | 1 |
_aEvans, James R. _q(James Robert), _d1950- _937435 |
|
| 245 | 1 | 0 |
_aQuality and performance excellence : _bmanagement, organization, and strategy / _cJames R. Evans. |
| 250 |
_a7th ed., _binternational ed. |
||
| 260 |
_a[Canberra] : _bSouth-Western Cengage Learning, _cc.2014. |
||
| 300 |
_axv, 479 p. : _bchart, forms, tables ; _c23 cm. |
||
| 500 | _aIndex : p. 467-479. | ||
| 504 | _aBibliography : p. 463-465. | ||
| 650 | 0 |
_aTotal quality management _92364 |
|
| 653 |
_bBUSADM _cFebruary2015 |
||
| 655 |
_vreading book _934232 |
||
| 942 |
_2ddc _k658.4013 EVA |
||
| 999 |
_c18989 _d18961 |
||